|
|
|
|
| LEADER |
00000nam0a2200000 4500 |
| 001 |
379485 |
| 005 |
20231213105723.0 |
| 010 |
|
|
|a 978-5-9729-1254-4
|
| 035 |
|
|
|a (RuTPU)RU\TPU\retro\36952
|
| 090 |
|
|
|a 379485
|
| 100 |
|
|
|a 20231010d2023 m||y0rusy50 ca
|
| 101 |
0 |
|
|a rus
|
| 102 |
|
|
|a RU
|
| 105 |
|
|
|a a j 001yy
|
| 181 |
|
0 |
|a i
|b e
|
| 182 |
|
0 |
|a n
|
| 183 |
|
0 |
|a nc
|2 RDAcarrier
|
| 200 |
1 |
|
|a Тепловые сети
|e учебное пособие
|f Р. Ш. Бускунов
|
| 203 |
|
|
|a Текст
|b визуальный
|c непосредственный
|
| 210 |
|
|
|a Москва
|a Вологда
|c Инфра-Инженерия
|d 2023
|
| 215 |
|
|
|a 178 с.
|c ил.
|
| 283 |
|
|
|a volume
|2 RDAcarrier
|
| 320 |
|
|
|a Литература.: с. 170-178
|
| 330 |
|
|
|a Предлагается краткий обзор современного состояния огромного и сложного хозяйства тепловых сетей - важнейшей составляющей систем теплоснабжения. Рассмотрены вопросы энергетической эффективности, надёжности, перспективы развития и порядок обслуживания. Для студентов, изучающих теплоэнергетические установки. Может быть полезно слушателям института повышения квалификации - специалистам и работникам теплоснабжающих организаций и инженерно-техническому персоналу тепловых электростанций.
|
| 606 |
1 |
|
|a Тепловые сети
|x Строительство
|9 77085
|
| 610 |
1 |
|
|a теплоснабжение
|
| 610 |
1 |
|
|a теплофикация
|
| 610 |
1 |
|
|a трубопроводы
|
| 610 |
1 |
|
|a сооружения
|
| 610 |
1 |
|
|a живучесть
|
| 610 |
1 |
|
|a безопасность
|
| 610 |
1 |
|
|a техническое обслуживание
|
| 610 |
1 |
|
|a эксплуатация
|
| 610 |
1 |
|
|a тепловые насосы
|
| 610 |
1 |
|
|a учебные пособия
|
| 675 |
|
|
|a 697.34(075.8)
|v 4
|z rus
|
| 700 |
|
1 |
|a Бускунов
|b Р. Ш.
|g Рашид Шарифович
|
| 801 |
|
1 |
|a RU
|b 63413507
|c 20231010
|
| 942 |
|
|
|c BK
|